Shape up or ship out (Record no. 69428)

MARC details
000 -LEADER
fixed length control field 01001cam a2200241 4500
001 - CONTROL NUMBER
control field ABS64994
008 - FIXED-LENGTH DATA ELEMENTS--GENERAL INFORMATION
fixed length control field 020204n2002 000 0 eng u
035 ## - SYSTEM CONTROL NUMBER
System control number (Sirsi) u116596
100 ## - MAIN ENTRY--PERSONAL NAME
Personal name Nicolle, C
245 ## - TITLE STATEMENT
Title Shape up or ship out
260 ## - PUBLICATION, DISTRIBUTION, ETC.
Date of publication, distribution, etc. 2002
490 ## - SERIES STATEMENT
Series statement Estates Gazette
Volume/sequential designation (0201) 5 January 2002, 30-31(2)
520 ## - SUMMARY, ETC.
Summary, etc. Examines the choice that small to middle-sized quoted property firms are facing - to either go private or to find a new investment strategy. Many small firms have already gone private. Examines the reasons behind the pressure to change for these businesses. If businesses do go private, the UK property market will be dominated by a small number of large, financially robust participants.
590 ## - LOCAL NOTE (RLIN)
Local note ABS
650 ## - SUBJECT ADDED ENTRY--TOPICAL TERM
Topical term or geographic name entry element PROPERTY FIRMS
650 ## - SUBJECT ADDED ENTRY--TOPICAL TERM
Topical term or geographic name entry element MEDIUM-SIZED BUSINESSES
650 ## - SUBJECT ADDED ENTRY--TOPICAL TERM
Topical term or geographic name entry element SMALL BUSINESSES
650 ## - SUBJECT ADDED ENTRY--TOPICAL TERM
Topical term or geographic name entry element BUSINESS STRATEGIES
650 ## - SUBJECT ADDED ENTRY--TOPICAL TERM
Topical term or geographic name entry element PROPERTY SECTOR
690 ## - LOCAL SUBJECT ADDED ENTRY--TOPICAL TERM (OCLC, RLIN)
Topical term or geographic name as entry element MANAGEMENT-BUSINESS MANAGEMENT
700 ## - ADDED ENTRY--PERSONAL NAME
Personal name Llewelyn, H
942 ## - ADDED ENTRY ELEMENTS (KOHA)
Suppress in OPAC 0
Holdings
Withdrawn status Lost status Source of classification or shelving scheme Damaged status Not for loan Home library Current library Shelving location Date acquired Total Checkouts Full call number Barcode Date last seen Copy number Price effective from Koha item type
    Dewey Decimal Classification     London London Journal article 04/02/2002   ABS64994 116596-1001 06/08/2019 1 06/08/2019 Journal article